[Event "The Ultimate Showdown of Ultimate Destiny"]
[Site "SchemingMind.com"]
[Date "2008.10.19"]
[Round "-"]
[White "thefriediceman"]
[Black "Brian Acebo"]
[Result "1/2-1/2"]
[WhiteCountry "USA"]
[BlackCountry "USA"]
[WhiteElo "1830"]
[WhiteRD "67"]
[BlackElo "1778"]
[BlackRD "116"]
[GameID "175293"]

1. e4 c5 2. Nf3 d6 3. Bb5+ Bd7 4. Bxd7+ Qxd7 5. c4 Nc6 6. Nc3 Nf6 7. O-O e6 8. d3 Be7 9. Re1 O-O 10. e5 dxe5
11. Nxe5 Nxe5 12. Rxe5 Bd6 13. Re1 a6 14. Qf3 Rfd8 15. Bg5 Be7 16. Rad1 h6 17. Bh4 b5 18. Bg3 b4 19. Ne4 a5 20. Be5 Ne8
21. Qg3 f6 22. Bf4 g5 23. Bc1 Ng7 24. Qf3 Rf8 25. b3 Rac8 26. Bb2 e5 27. Ng3 Bd6 28. Qd5+ Rf7 29. Re3 Qc6 30. Qxc6 Rxc6
31. Re2 Rd7 32. Ne4 Be7 33. f3 Kf7 34. Red2 Nf5 35. Kf2 Nd6 36. Nxd6+ Rcxd6 37. h3 Ra6 38. Ra1 a4 39. g4 axb3 40. axb3 Rxa1
41. Bxa1 Ra7=
1/2-1/2

[Event "The Ultimate Showdown of Ultimate Destiny"]
[Site "SchemingMind.com"]
[Date "2008.10.18"]
[Round "-"]
[White "Brian Acebo"]
[Black "thefriediceman"]
[Result "0-1"]
[WhiteCountry "USA"]
[BlackCountry "USA"]
[WhiteElo "1778"]
[WhiteRD "116"]
[BlackElo "1830"]
[BlackRD "67"]
[GameID "175306"]

1. e4 e5 2. Nf3 Nc6 3. Bb5 a6 4. Ba4 Nf6 5. O-O Be7 6. Re1 b5 7. Bb3 O-O 8. c3 d6 9. h3 Na5 10. Bc2 c5
11. d4 Nd7 12. d5 Nf6 13. b3 Bd7 14. Nbd2 Qc7 15. c4 bxc4 16. bxc4 Rab8 17. Qe2 Rb6 18. Nb3 Rb7 19. Nxa5 Qxa5 20. Bb3 Qd8
21. Bg5 h6 22. Bh4 Nh7 23. Bxe7 Qxe7 24. Rab1 Rfb8 25. Bc2 Rxb1 26. Rxb1 Rxb1+ 27. Bxb1 Ng5 28. Nxg5 Qxg5 29. Kh2 Qf4+ 30. g3 Qc1
31. Bd3 Ba4 32. Kg2 Bd1 33. Qf1 Qd2 34. g4 Bc2 35. Bxc2 Qxc2 36. Kg3 Qxa2 37. h4 Qb3+ 38. f3 a5
0-1

[Event "The Ultimate Showdown of Ultimate Destiny"]
[Site "SchemingMind.com"]
[Date "2008.10.20"]
[Round "-"]
[White "bdenley"]
[Black "mmccaffe"]
[Result "0-1"]
[WhiteCountry "USA"]
[BlackCountry "USA"]
[WhiteElo "1644"]
[WhiteRD "87"]
[BlackElo "1488"]
[BlackRD "51"]
[GameID "175423"]

1. e4 e5 2. Nf3 Nc6 3. Bc4 Bc5 4. Nc3 Nf6 5. d3 h6 6. O-O d6 7. Be3 Bxe3 8. fxe3 O-O 9. h3 Na5 10. Bb3 Nxb3
11. axb3 Bd7 12. Nd5 Nxd5 13. exd5 Qe7 14. c3 f5 15. b4 f4 16. e4 g5 17. Nh2 Qg7 18. Qf3 Qg6 19. Kh1 Kf7 20. Rf2 Ke7
21. Nf1 Rg8 22. Nd2 g4 23. Qe2 gxh3 24. Rg1 Rg7 25. Nf3 hxg2+ 26. Rfxg2 Qh5+ 27. Rh2 Rxg1+ 28. Nxg1 Qxe2 29. Rxe2 Rh8 30. Rh2 h5
31. Nh3 Bxh3 32. Rxh3 Kf6 33. Kg1= Rg8+ 34. Kf2 Rg5 35. Kf3 Rg3+ 36. Rxg3 fxg3 37. Kxg3 Kg5 38. c4 b6 39. b5 h4+ 40. Kh3 Kf4
41. Kxh4 Ke3 42. Kg5 Kxd3 43. Kf6 Kxe4 44. Ke7 Kd4 45. Kd7 Kxc4 46. Kxc7 Kxd5
0-1

[Event "The Ultimate Showdown of Ultimate Destiny"]
[Site "SchemingMind.com"]
[Date "2008.10.19"]
[Round "-"]
[White "desmondw"]
[Black "jl1234"]
[Result "0-1"]
[WhiteCountry "IRL"]
[BlackCountry "POL"]
[WhiteElo "1649"]
[WhiteRD "89"]
[BlackElo "1701"]
[BlackRD "70"]
[GameID "175424"]

1. e4 e5 2. Nf3 Nc6 3. Bb5 Bd6 4. Nc3 Nf6 5. d3 h6 6. Be3 a6 7. Ba4 O-O 8. O-O b5 9. Bb3 Ne7 10. a3 Bb7
11. Re1 c6 12. d4 Ng4 13. Nxe5 Nxe5 14. dxe5 Bxe5 15. Bxh6 gxh6 16. Qg4+ Ng6 17. Qh3 Qh4 18. Qxh4 Nxh4 19. Re3 Kh7 20. Rd1 Rad8
21. Rdd3 d6 22. Rh3 Ng6 23. Rdf3 Bc8 24. Bxf7 Bxh3 25. Bxg6+ Kxg6 26. Rxh3 d5
0-1

[Event "The Ultimate Showdown of Ultimate Destiny"]
[Site "SchemingMind.com"]
[Date "2008.10.19"]
[Round "-"]
[White "mmccaffe"]
[Black "bdenley"]
[Result "0-1"]
[WhiteCountry "USA"]
[BlackCountry "USA"]
[WhiteElo "1598"]
[WhiteRD "51"]
[BlackElo "1682"]
[BlackRD "86"]
[GameID "175439"]

1. e4 c5 2. Nf3 Nc6 3. d4 cxd4 4. Nxd4 g6 5. c4 Bg7 6. Be3 d6 7. Nc3 Nf6 8. f3 O-O 9. Qd2 Bd7 10. Be2 a6
11. O-O Rc8 12. Bh6 Nxd4 13. Bxg7 Nxe2+
0-1

[Event "The Ultimate Showdown of Ultimate Destiny"]
[Site "SchemingMind.com"]
[Date "2008.10.18"]
[Round "-"]
[White "jl1234"]
[Black "desmondw"]
[Result "0-1"]
[WhiteCountry "POL"]
[BlackCountry "IRL"]
[WhiteElo "1701"]
[WhiteRD "70"]
[BlackElo "1649"]
[BlackRD "89"]
[GameID "175440"]

1. d4 Nf6 2. Nf3 d5 3. Bg5 h6 4. Bh4 Nc6 5. e3 Bg4 6. Be2 e6 7. Ne5 Bxe2 8. Qxe2 a6 9. O-O Be7 10. Nxc6 bxc6
11. c4 c5 12. dxc5 O-O 13. Rd1 c6 14. Nc3 Bxc5 15. Ne4 Be7 16. Nc3 Ne4 17. Bxe7 Nxc3 18. Qc2 Qxe7 19. Qxc3 Rfc8 20. b3 a5
21. a3 Qb7 22. h3 Kh7 23. Rd3 a4 24. b4 c5 25. cxd5 c4 26. Rd4 exd5 27. Rad1 Rd8 28. e4 Qb5 29. Rxd5 Rxd5 30. Rxd5 Qc6
31. Qd4 Rc8 32. Rd6 Qc7 33. Rd5 Qc6 34. e5 Kg8 35. Kf1 g6 36. Rd6 Qc7 37. Qd5 c3 38. Rxg6+ Kf8
0-1

[Event "The Ultimate Showdown of Ultimate Destiny"]
[Site "SchemingMind.com"]
[Date "2008.10.24"]
[Round "-"]
[White "jiego_101"]
[Black "Kenny Elliott"]
[Result "0-1"]
[WhiteCountry "PHI"]
[BlackCountry "USA"]
[WhiteElo "1334"]
[WhiteRD "171"]
[BlackElo "1512"]
[BlackRD "81"]
[GameID "175545"]

1. e4 c5 2. Nf3 d6 3. d4 cxd4 4. Nxd4 e5 5. Nf3 Bg4 6. Be2 Nf6 7. Nc3 Nc6 8. O-O Be7 9. h3 Bh5 10. Bg5 O-O
11. a3 Bg6 12. Bxf6 Bxf6 13. Nb5 Bxe4 14. Re1 Bxf3 15. Bxf3 Qb6 16. Nc3 Nd4 17. b4 Nxf3+ 18. Qxf3 Rac8 19. Nd5 Qc6 20. Nxf6+ gxf6
21. Qxc6 Rxc6 22. Rac1 Rfc8 23. Re2 d5 24. c4 Rxc4 25. Rxc4 Rxc4 26. Rb2 d4
0-1

[Event "The Ultimate Showdown of Ultimate Destiny"]
[Site "SchemingMind.com"]
[Date "2008.10.20"]
[Round "-"]
[White "Kenny Elliott"]
[Black "jiego_101"]
[Result "1-0"]
[WhiteCountry "USA"]
[BlackCountry "PHI"]
[WhiteElo "1512"]
[WhiteRD "81"]
[BlackElo "1334"]
[BlackRD "171"]
[GameID "175552"]

1. d4 Nf6 2. Nc3 g6 3. e4 d6 4. Nf3 Bg7 5. Bf4 Nc6 6. Bb5 Bd7 7. O-O a6 8. Ba4 O-O 9. Re1 Nh5 10. Be3 e5
11. d5 Ne7 12. Bxd7 Qxd7 13. a3 f5 14. exf5 Nxf5 15. Ne4 Nxe3 16. Rxe3 c6 17. c4 cxd5 18. Qxd5+ Kh8 19. Nxd6 Nf4 20. Nxe5 Nxd5
21. Nxd7 Nxe3 22. Nxf8 Nxc4 23. Nxc4 Rxf8 24. a4 b5 25. axb5 axb5 26. Ne3 Bxb2 27. Rb1 Bd4 28. Rxb5
1-0

[Event "The Ultimate Showdown of Ultimate Destiny"]
[Site "SchemingMind.com"]
[Date "2008.10.21"]
[Round "-"]
[White "agoodhobby"]
[Black "maro"]
[Result "1-0"]
[WhiteCountry "USA"]
[BlackCountry "MEX"]
[WhiteElo "1583"]
[WhiteRD "62"]
[BlackElo "1273"]
[BlackRD "58"]
[GameID "175749"]

1. e4 e5 2. Nf3 Nf6 3. Nxe5 Nxe4 4. Qe2 d5 5. d3 Nf6 6. Nc6+ Kd7 7. Nxd8 Kxd8 8. Qd1 Nc6 9. Be2 Bd6 10. O-O h5
11. Bg5 h4 12. Bxf6+ gxf6 13. Nc3 d4 14. Ne4 Bf4 15. Nxf6 h3 16. g3 Be5 17. Nd5 f5 18. f4 Bd6 19. c3 Re8 20. Bh5 Re6
21. Bf7 Rh6 22. Re1 Bd7 23. cxd4 Nxd4 24. Ne3 Bc6 25. Nc4 Nf3+ 26. Kf2 Nxe1 27. Qxe1 Bc5+ 28. Kf1 Rh7 29. Bg6 Re7 30. Ne5 Bd5
31. Bxf5 a5 32. Bxh3
1-0

[Event "The Ultimate Showdown of Ultimate Destiny"]
[Site "SchemingMind.com"]
[Date "2008.10.22"]
[Round "-"]
[White "maro"]
[Black "agoodhobby"]
[Result "0-1"]
[WhiteCountry "MEX"]
[BlackCountry "USA"]
[WhiteElo "1273"]
[WhiteRD "58"]
[BlackElo "1583"]
[BlackRD "62"]
[GameID "175757"]

1. e4 c5 2. c4 Nc6 3. Nf3 d6 4. d4 cxd4 5. Nxd4 Nf6 6. Nc3 g6 7. g3 Bg7 8. Be3 O-O 9. Bg2 Qb6 10. Ndb5 Qd8
11. O-O a6 12. Nd4 Ng4 13. Qe2 Nxe3 14. Qxe3 Bxd4 15. Qd2 Bxc3 16. Qxc3 Ne5 17. f4 Ng4 18. c5 b5 19. c6 Qb6+ 20. Kh1 Be6
21. h3 Ne3 22. Rg1 Nxg2 23. Kxg2 Rac8
0-1

[Event "The Ultimate Showdown of Ultimate Destiny"]
[Site "SchemingMind.com"]
[Date "2008.11.29"]
[Round "-"]
[White "thefriediceman"]
[Black "Clive Everill"]
[Result "1-0"]
[WhiteCountry "USA"]
[BlackCountry "CZE"]
[WhiteElo "1876"]
[WhiteRD "73"]
[BlackElo "1637"]
[BlackRD "49"]
[GameID "180820"]

1. e4 c6 2. Nf3 Nf6 3. e5 Nd5 4. d4 e6 5. Bg5 Be7 6. Bxe7 Qxe7 7. c3 O-O 8. Bc4 Nf4 9. O-O d5 10. exd6 Qxd6
11. b4 Nd7 12. a4 Nf6 13. Ne5 N4d5 14. Re1 b6 15. Qf3 a6 16. Nd2 Bb7 17. Qg3 b5 18. axb5 axb5 19. Bb3 Nh5 20. Qf3 Nhf6
21. Bc2 Ne7 22. Qd3 g6 23. Nb3 Qd5 24. Nc5 Rxa1 25. Rxa1 Ba8 26. Bb3 Qd8 27. Bxe6 Qd6 28. Bb3 Nfd5 29. Qf3 f6 30. Ned3 Kg7
31. Ne4 Qb8 32. Ndc5 Nc7 33. Nd7 Qd8 34. Nxf8 Qxf8 35. Ra7 Ncd5 36. Nc5 Qb8 37. Rd7 Kf8 38. Rxd5 Qa7 39. Rd8+ Kg7 40. Ne6+
1-0

[Event "The Ultimate Showdown of Ultimate Destiny"]
[Site "SchemingMind.com"]
[Date "2008.11.29"]
[Round "-"]
[White "Clive Everill"]
[Black "thefriediceman"]
[Result "0-1"]
[WhiteCountry "CZE"]
[BlackCountry "USA"]
[WhiteElo "1637"]
[WhiteRD "49"]
[BlackElo "1876"]
[BlackRD "73"]
[GameID "180826"]

1. e4 e5 2. Nf3 Nc6 3. d4 exd4 4. Nxd4 Bc5 5. Nxc6 Qf6 6. Qf3 Qxf3 7. gxf3 dxc6 8. Bf4 Bb6 9. Nd2 Be6 10. O-O-O O-O-O
11. Bg3 Ne7 12. Be2 g5 13. h4 h6 14. Nc4 Bc5 15. Rxd8+ Rxd8 16. hxg5 hxg5 17. Rh5 f6 18. e5 Bd4 19. exf6 Bxf6 20. f4 gxf4
21. Bxf4 Nd5 22. Bg3 Bd4 23. c3 Bc5 24. Rh6 Bf5 25. Rh5 Rf8 26. Rh2 Re8 27. Kd2 Nf6 28. Bf3 Ne4+ 29. Bxe4 Bxe4 30. Rh7 Bxh7
31. b4 Rd8+
0-1

[Event "The Ultimate Showdown of Ultimate Destiny"]
[Site "SchemingMind.com"]
[Date "2008.12.09"]
[Round "-"]
[White "agoodhobby"]
[Black "Milan"]
[Result "1-0"]
[WhiteCountry "USA"]
[BlackCountry "CZE"]
[WhiteElo "1568"]
[WhiteRD "63"]
[BlackElo "1765"]
[BlackRD "79"]
[GameID "181909"]

1. e4 c6 2. d4 d5 3. Nc3 dxe4 4. Nxe4 Bf5 5. Ng3 Bg6 6. h4 h6 7. Nf3 Nd7 8. h5 Bh7 9. Bd3 Bxd3 10. Qxd3 e6
11. Bf4 Ngf6 12. O-O-O Be7 13. Kb1 O-O 14. Ne4 Nxe4 15. Qxe4 Nf6 16. Qe2 Bd6 17. Ne5 Qc7 18. g4 Nd5 19. Bg3 Bxe5 20. Bxe5 Qb6
21. Qd2 Rfd8 22. c4 Ne7 23. g5 Kh7 24. gxh6 gxh6 25. Bf6 Qc7 26. Qd3+ Nf5 27. Bxd8 Rxd8 28. Qe4 Qb6 29. f4 Rxd4 30. Rxd4 Qxd4
31. Qxd4 Nxd4 32. Rd1 c5 33. b4 b6 34. bxc5 bxc5 35. Kb2 Kg7 36. Ka3 Ne2 37. Rd7 Nxf4 38. Rxa7 Nxh5 39. Kb3 Ng3 40. a4 h5
41. Rd7
1-0

[Event "The Ultimate Showdown of Ultimate Destiny"]
[Site "SchemingMind.com"]
[Date "2008.12.09"]
[Round "-"]
[White "Milan"]
[Black "agoodhobby"]
[Result "1-0"]
[WhiteCountry "CZE"]
[BlackCountry "USA"]
[WhiteElo "1765"]
[WhiteRD "79"]
[BlackElo "1568"]
[BlackRD "63"]
[GameID "181919"]

1. d4 d5 2. c4 e6 3. g3 Nf6 4. Nf3 dxc4 5. Bg2 Nc6 6. O-O a6 7. Ne5 Nxe5 8. dxe5 Qxd1 9. Rxd1 Nd7 10. f4 Bc5+
11. Kh1 Rb8 12. Nd2 b5 13. Ne4 Bb6 14. b3 cxb3 15. axb3 O-O 16. Ba3 Rd8 17. Nc5 Bxc5 18. Bxc5 Bb7 19. Be7 Bxg2+ 20. Kxg2 c6
21. Bxd8 Rxd8 22. Rd6 Kf8 23. Rad1 Ke7 24. Rxc6 Nb8 25. Rcc1 Rxd1 26. Rxd1 Nc6 27. Rd6 Nb4 28. Rb6 f6 29. exf6+ Kxf6 30. e4 g6
31. Kf3 h6 32. g4 h5 33. gxh5 gxh5 34. f5
1-0

[Event "The Ultimate Showdown of Ultimate Destiny"]
[Site "SchemingMind.com"]
[Date "2009.01.22"]
[Round "-"]
[White "Kenny Elliott"]
[Black "lemmie"]
[Result "1-0"]
[WhiteCountry "USA"]
[BlackCountry "NED"]
[WhiteElo "1558"]
[WhiteRD "69"]
[BlackElo "1762"]
[BlackRD "51"]
[GameID "187977"]

1. d4 d5 2. c4 dxc4 3. Nf3 Nf6 4. Nc3 e6 5. e3 a6 6. Bxc4 Bb4 7. O-O Nc6 8. Bd2 Bxc3 9. Bxc3 Nd5 10. Bxd5 Qxd5
11. Re1 O-O 12. Qc2 h6 13. a3 b5 14. e4 Qd7 15. Rad1 Bb7 16. Ne5 Nxe5 17. dxe5 Qe7 18. Bb4 Qg5 19. Bxf8 Rxf8 20. Qxc7 Bc8
21. Rd4 Kh7 22. f3 f5 23. exf5 exf5 24. e6 Qf6 25. Rd6 Re8 26. e7 Qxb2 27. Rd8 Be6 28. Rxe8 Qd2 29. Rh8+ Kg6 30. e8=Q+ Kg5
31. Qg3+
1-0

[Event "The Ultimate Showdown of Ultimate Destiny"]
[Site "SchemingMind.com"]
[Date "2009.01.22"]
[Round "-"]
[White "lemmie"]
[Black "Kenny Elliott"]
[Result "1/2-1/2"]
[WhiteCountry "NED"]
[BlackCountry "USA"]
[WhiteElo "1762"]
[WhiteRD "51"]
[BlackElo "1558"]
[BlackRD "69"]
[GameID "187982"]

1. e4 c5 2. Nf3 d6 3. Nc3 Nc6 4. d4 cxd4 5. Nxd4 Nxd4 6. Qxd4 e5 7. Qd1 Nf6 8. Bg5 Be7 9. Bxf6 Bxf6 10. Nd5 O-O
11. h3 Be6 12. Nxf6+ Qxf6 13. Qxd6 Rad8 14. Qb4 Rd4 15. Qxb7 Qf4 16. Bd3 Bc4 17. Rd1 Bxd3 18. cxd3 Rfd8 19. O-O g6 20. Qb5 Kg7
21. a4 R8d6 22. Qb3 Rb6 23. Qc3 Rxa4 24. g3 Qf6 25. Ra1 Rc6 26. Qb3 Raa6 27. Rxa6 Rxa6 28. Qb8 Ra2 29. Kg2 a5 30. Qb3 Qe6
31. Qc3 f6 32. h4 h5 33. Qc7+ Kh6 34. Rb1 Qb3 35. Qc1+ Kg7 36. Qc7+ Kh6 37. Qc1+ Kg7 38. Qd2 Kh7 39. f3 Qb4 40. Qc2 Kh6
41. Kh3 Qd4 42. Qd2+ Kg7 43. Qc1 Qxd3 44. Qc7+ Kh6 45. Qc1+ Kg7 46. Qc7+ Kh6 47. Qc1+=
1/2-1/2

[Event "The Ultimate Showdown of Ultimate Destiny"]
[Site "SchemingMind.com"]
[Date "2009.02.01"]
[Round "-"]
[White "bdenley"]
[Black "desmondw"]
[Result "0-1"]
[WhiteCountry "USA"]
[BlackCountry "IRL"]
[WhiteElo "1669"]
[WhiteRD "85"]
[BlackElo "1805"]
[BlackRD "81"]
[GameID "189336"]

1. d4 Nf6 2. c4 g6 3. Nc3 d5 4. Bg5 Ne4 5. Nxe4 dxe4 6. e3 Bg7 7. f3 exf3 8. Nxf3 O-O 9. Bd3 c6 10. O-O Be6
11. b3 c5 12. Rc1 cxd4 13. e4 Nc6 14. Rf2 Ne5 15. Rd2 Bg4 16. Be2 Nxf3+ 17. gxf3 Be6 18. Be3 Qc7 19. Bxd4 Bh6 20. Rcc2 Bxd2
21. Rxd2 a6 22. Bc3 Rfd8 23. Rxd8+ Rxd8 24. Qc1 Qc5+ 25. Kg2 Qh5 26. Kf2 Qxh2+ 27. Ke3 Qh6+ 28. f4 Qh3+ 29. Bf3 Bg4 30. Qh1 Qxf3+
31. Qxf3 Bxf3
0-1

[Event "The Ultimate Showdown of Ultimate Destiny"]
[Site "SchemingMind.com"]
[Date "2009.02.01"]
[Round "-"]
[White "desmondw"]
[Black "bdenley"]
[Result "1-0"]
[WhiteCountry "IRL"]
[BlackCountry "USA"]
[WhiteElo "1805"]
[WhiteRD "81"]
[BlackElo "1669"]
[BlackRD "85"]
[GameID "189341"]

1. e4 e5 2. Nf3 Nc6 3. Bb5 d6 4. d4 Bd7 5. Nc3 exd4 6. Nxd4 Nxd4 7. Qxd4 Nf6 8. Bg5 Be7 9. O-O O-O 10. Bxd7 Nxd7
11. Bxe7 Qxe7 12. Nb5 Nb6 13. Rae1 a6 14. Nc3 Rfe8 15. a4 Qe5 16. Qxe5 Rxe5 17. f4 Re6 18. f5 Re5 19. Rf3 Rae8 20. b3 d5
21. Rf4 Nd7 22. Rd1 Nf6 23. exd5 Re1+ 24. Rxe1 Rxe1+ 25. Kf2 Rc1 26. Rc4 Rxc2+ 27. Kg3 Nxd5 28. Nxd5 Rxc4 29. bxc4 c6 30. Nc7 Kf8
31. Kf4 Ke7 32. Ke5 Kd7 33. Na8 b5 34. Nb6+ Kc7 35. c5 b4 36. g4 b3 37. Nc4 Kd7 38. a5 Kc7 39. g5 Kd7 40. h4
1-0

[Event "The Ultimate Showdown of Ultimate Destiny"]
[Site "SchemingMind.com"]
[Date "2009.03.17"]
[Round "-"]
[White "thefriediceman"]
[Black "Kenny Elliott"]
[Result "1-0"]
[WhiteCountry "USA"]
[BlackCountry "USA"]
[WhiteElo "1874"]
[WhiteRD "67"]
[BlackElo "1611"]
[BlackRD "74"]
[GameID "196630"]

1. e4 c5 2. Nf3 d6 3. d4 cxd4 4. Nxd4 Nf6 5. Nc3 e5 6. Bb5+ Bd7 7. Bxd7+ Nbxd7 8. Nf5 g6 9. Nxd6+ Bxd6 10. Qxd6 a6
11. Bh6 Qb8 12. Qxb8+ Rxb8 13. Bg7 Rg8 14. Bxf6 Nxf6 15. O-O-O Kf8 16. f3 Kg7 17. Nd5 Rgc8 18. Nxf6 Kxf6 19. Rd6+ Kg7 20. Rhd1 Rc7
21. R1d5 f6 22. Rd7+ Rxd7 23. Rxd7+ Kh6 24. Rf7 Kg5 25. g3 h5 26. h4+ Kh6 27. Rxf6 Ra8 28. Re6 Rf8 29. Rxe5 Rxf3 30. Rg5 Re3
31. e5 Re4 32. Kd2 b5 33. Kd3 Re1 34. Kd4 Rd1+ 35. Kc3 Kg7 36. Kb3 Rd2 37. g4 hxg4 38. Rxg4 Re2 39. h5 Rxe5 40. Rxg6+ Kh7
41. Rxa6 Rxh5 42. c3
1-0

[Event "The Ultimate Showdown of Ultimate Destiny"]
[Site "SchemingMind.com"]
[Date "2009.03.17"]
[Round "-"]
[White "Kenny Elliott"]
[Black "thefriediceman"]
[Result "0-1"]
[WhiteCountry "USA"]
[BlackCountry "USA"]
[WhiteElo "1603"]
[WhiteRD "72"]
[BlackElo "1844"]
[BlackRD "78"]
[GameID "196633"]

1. d4 Nf6 2. c4 g6 3. Nc3 d5 4. Nf3 Bg7 5. e3 O-O 6. cxd5 Nxd5 7. Bc4 Nxc3 8. bxc3 c5 9. O-O cxd4 10. cxd4 Nc6
11. Rb1 Na5 12. Bd3 Be6 13. a4 Qc7 14. Bd2 Nc6 15. Qc2 Rac8 16. Rbc1 Qd7 17. Bc3 Nb4 18. Qd2 Nxd3 19. Qxd3 Bc4 20. Qb1 Bxf1
21. Kxf1 Qxa4 22. Qxb7 Rxc3 23. Rxc3 Qa1+ 24. Ne1 Qxc3 25. Qxa7 Qc4+ 26. Kg1 Qe2 27. Qa5 Rc8
0-1

[Event "The Ultimate Showdown of Ultimate Destiny"]
[Site "SchemingMind.com"]
[Date "2009.04.21"]
[Round "-"]
[White "agoodhobby"]
[Black "desmondw"]
[Result "0-1"]
[WhiteCountry "USA"]
[BlackCountry "IRL"]
[WhiteElo "1541"]
[WhiteRD "82"]
[BlackElo "1834"]
[BlackRD "79"]
[GameID "201298"]

1. d4 Nf6 2. c4 g6 3. Nc3 d5 4. cxd5 Nxd5 5. e4 Nxc3 6. bxc3 Bg7 7. Bc4 O-O 8. Ne2 c5 9. O-O Nc6 10. Be3 cxd4
11. cxd4 Bg4 12. f3 Na5 13. Bxf7+ Rxf7 14. fxg4 Rxf1+ 15. Kxf1 Nc4 16. Qb3 b5 17. a4 a6 18. axb5 axb5 19. Rxa8 Qxa8 20. e5 Qa4
21. Qc3 Nxe3+ 22. Qxe3 b4 23. Qd3 b3 24. Ke1 Qa1+ 25. Kf2 b2 26. Nc3 Qa3 27. Ke2 Qxc3 28. Qxc3 b1=Q 29. Qc8+ Bf8 30. Qe6+ Kg7
31. h4 Qe4+ 32. Kf2 Qxd4+ 33. Kf3 Qd3+ 34. Kf2 Kh6 35. h5 Kg7 36. g5 Qd2+ 37. Kg3 Qxg5+
0-1

[Event "The Ultimate Showdown of Ultimate Destiny"]
[Site "SchemingMind.com"]
[Date "2009.04.21"]
[Round "-"]
[White "desmondw"]
[Black "agoodhobby"]
[Result "1-0"]
[WhiteCountry "IRL"]
[BlackCountry "USA"]
[WhiteElo "1834"]
[WhiteRD "79"]
[BlackElo "1541"]
[BlackRD "82"]
[GameID "201306"]

1. d4 d5 2. Nf3 Nf6 3. c4 e6 4. Nc3 c5 5. cxd5 Nxd5 6. e3 Nc6 7. Bd3 Be7 8. O-O O-O 9. Nxd5 Qxd5 10. e4 Qd8
11. dxc5 Bxc5 12. e5 h6 13. g3 Ne7 14. Nh4 Nd5 15. Bxh6 Qb6 16. Qg4
1-0

[Event "The Ultimate Showdown of Ultimate Destiny"]
[Site "SchemingMind.com"]
[Date "2009.05.15"]
[Round "-"]
[White "thefriediceman"]
[Black "desmondw"]
[Result "1-0"]
[WhiteCountry "USA"]
[BlackCountry "IRL"]
[WhiteElo "1895"]
[WhiteRD "67"]
[BlackElo "1764"]
[BlackRD "84"]
[GameID "204838"]

1. e4 e5 2. Nf3 Nc6 3. Bc4 Nf6 4. d3 Bc5 5. c3 d6 6. b4 Bb6 7. a4 a6 8. O-O O-O 9. Bg5 h6 10. Bh4 Bg4
11. h3 Bh5 12. Nbd2 a5 13. b5 Nb8 14. Qc2 c6 15. Bb3 Nbd7 16. Rfe1 Nc5 17. Ba2 Ne6 18. Bxe6 fxe6 19. d4 exd4 20. cxd4 e5
21. dxe5 dxe5 22. Nxe5 Bd4 23. bxc6 Bxe5 24. cxb7 Ra7 25. Rab1 Qb8 26. Qc5 Rf7 27. Rb5 Bd6 28. Qc8+ Rf8 29. Qxb8 Rxb8 30. Bxf6 Bb4
31. Rxh5 gxf6 32. Rd1 Raxb7 33. Nc4 Kg7 34. Nxa5 Bxa5 35. Rxa5 Rb4 36. Re1 Re8 37. f3 Kg6 38. Ra1
1-0

[Event "The Ultimate Showdown of Ultimate Destiny"]
[Site "SchemingMind.com"]
[Date "2009.05.15"]
[Round "-"]
[White "desmondw"]
[Black "thefriediceman"]
[Result "1-0"]
[WhiteCountry "IRL"]
[BlackCountry "USA"]
[WhiteElo "1814"]
[WhiteRD "82"]
[BlackElo "1887"]
[BlackRD "69"]
[GameID "204844"]

1. d4 Nf6 2. c4 g6 3. Nc3 d5 4. cxd5 Nxd5 5. e4 Nxc3 6. bxc3 Bg7 7. Bc4 c5 8. Ne2 Nc6 9. Be3 cxd4 10. cxd4 O-O
11. O-O Bd7 12. Rc1 a6 13. d5 Ne5 14. Bb3 Rc8 15. h3 Bb5 16. Rxc8 Qxc8 17. a4 Bd7 18. f4 Nc4 19. Bd4 Bxd4+ 20. Qxd4 Nd6
21. Ng3 Qc7 22. f5 Qc8 23. f6 Qd8 24. e5 Nf5 25. Nxf5 Bxf5 26. Rxf5 exf6 27. Rf1 fxe5 28. Qxe5 Qb6+ 29. Kh2 Qxb3 30. Re1 Qxa4
31. Qe7 Qa5 32. d6 Rd8 33. Re5 Qb6 34. d7 Qc7 35. Qxd8+
1-0